Statistiken für Deutsche Sprichwörter vervollständigen #1

Klicken Sie hier um das Quiz zu spielen!

Allgemein

  • Dieses Quiz wurde 544 mal gespielt
  • Das Durchschnittsergebnis liegt bei 12 aus 15

Antwortstatistiken

Sprichwort% Korrekt
Der {Apfel} fällt nicht weit vom Stamm.
98%
Eine {Hand} wäscht die andere.
95%
Alle Wege führen nach {Rom}.
93%
Aller Anfang ist {schwer}.
92%
Geh dahin, wo der {Pfeffer} wächst.
90%
Kleider machen {Leute}.
88%
Wer im Glashaus sitzt, sollte nicht mit {Steinen} werfen.
86%
Das passt wie die {Faust} aufs Auge.
81%
Wer anderen eine {Grube gräbt}, fällt selbst hinein.
77%
{Hochmut} kommt vor dem Fall.
76%
Da wird doch der {Hund} in der Pfanne verrückt.
75%
{Morgenstund} hat Gold im Mund.
74%
Es sieht aus wie Kraut und {Rüben}.
68%
Kleinvieh macht auch {Mist}.
66%
Wer zuerst kommt, {mahlt} zuerst.
64%

Verteilung der Resultate

Perzentil nach korrekt beantworteten Fragen

Anzahl Personen mit jedem Resultat

Ihre Resultats-Entwicklung

Sie haben dieses Quiz noch nicht gespielt